000 01111cam a22002534a 4500
001 11843223
005 20220326193325.0
008 991116s1999 mx a c 000 0 spa
010 _a 99517010
040 _aDLC
_cDLC
_dDLC
042 _apcc
082 0 0 _a779.092
_bZ 396m
_221
100 1 _aTorre, Milagros de la.
_92825
245 1 0 _aMilagros de la Torre, fotografía :
_bMuseo de Arte Carrillo Gil, del 2 de diciembre de 1998 al 14 de febrero de 1999 /
_cZaya Antonio (texto)
246 3 _aMilagros de la Torre
260 _a[México] :
_bConsejo Nacional para la Cultura y las Artes :
_bEl Museo :
_bSociedad de Amigos del Museo Carrillo Gil,
_c[1999]
300 _a51 p. :
_bill. (some col.) ;
_c22 cm.
600 1 0 _aTorre, Milagros de la
_vExhibitions.
_92826
650 0 _aPhotography, Artistic
_vExhibitions.
_91562
700 1 _aZaya Antonio (texto)
_92827
710 2 _aMuseo de Arte Carrillo Gil.
_91953
906 _a7
_bcbc
_corignew
_d3
_encip
_f19
_gy-gencatlg
999 _c629
_d629